[Event "SLO-chT U16 Girls"]
[Site "Murska Sobota"]
[Date "2018.05.13"]
[Round "4"]
[White "Kuhar, Larisa"]
[Black "Strazisnik, Alja"]
[Result "1-0"]
[WhiteElo "1799"]
[BlackElo "1188"]
[PlyCount "69"]
[EventDate "2018.05.11"]
[EventType "team-tourn"]
[EventRounds "5"]
[EventCountry "SLO"]
[SourceTitle "EXT 2020"]
[Source "ChessBase"]
[SourceDate "2019.10.17"]
[SourceVersion "1"]
[SourceVersionDate "2019.10.17"]
[SourceQuality "1"]

1. e4 e5 2. Nf3 Nc6 3. Bb5 Nge7 4. 0-0 Ng6 5. d4 Be7 6. Bxc6 bxc6 7. dxe5 d6 8. exd6 cxd6 9. h3 0-0 10. Re1 Re8 11. Nd4 Qb6 12. Na3 Bf6 13. c3 Bb7 14. Nc4 Qc7 15. Bd2 d5 16. exd5 cxd5 17. Na3 h6 18. Nab5 Qc5 19. a4 a6 20. b4 Qb6 21. a5 Qd8 22. Rxe8+ Qxe8 23. Nc7 Qc8 24. Nxa8 Qxa8 25. Qe2 Qa7 26. Nf5 d4 27. cxd4 Bxd4 28. Rd1 Bf6 29. Qe8+ Kh7 30. Qxf7 Qa8 31. Bxh6 Be4 32. Bxg7 Bxf5 33. Bxf6+ Kh6 34. Qg7+ Kh5 35. Qh7# 1-0

[Event "SLO-ch U14 Girls"]
[Site "Ptuj"]
[Date "2017.03.01"]
[Round "7"]
[White "Strazisnik, Alja"]
[Black "Knavs, Ana"]
[Result "0-1"]
[WhiteElo "1683"]
[BlackElo "1581"]
[PlyCount "50"]
[EventDate "2017.02.25"]
[EventType "swiss"]
[EventRounds "9"]
[EventCountry "SLO"]
[SourceTitle "CBM 177 Extra"]
[Source "ChessBase"]
[SourceDate "2017.04.27"]
[SourceVersion "1"]
[SourceVersionDate "2017.04.27"]
[SourceQuality "1"]

1. e4 e5 2. Nf3 Nc6 3. Bc4 Nf6 4. Nc3 Bc5 5. d3 h6 6. 0-0 0-0 7. Re1 d6 8. h3 Kh8 9. Nd5 Be6 10. c3 a6 11. a4 Ne7 12. Nxf6 gxf6 13. Bxh6 Rg8 14. b4 Ba7 15. Qd2 Bxh3 16. g3 Rxg3+ 17. Kh2 Rxf3 18. Re2 Qg8 19. Rg1 Ng6 20. d4 Qh7 21. Rg3 Nf4 22. Bg7+ Kg8 23. Rxf3 Bg4+ 24. Kg1 Bxf3 25. Re3 Qh1# 0-1

[Event "SLO-ch U14 Girls"]
[Site "Ptuj"]
[Date "2017.02.25"]
[Round "1"]
[White "Urbanc, Tina"]
[Black "Strazisnik, Alja"]
[Result "1-0"]
[WhiteElo "1572"]
[BlackElo "1683"]
[PlyCount "120"]
[EventDate "2017.02.25"]
[EventType "swiss"]
[EventRounds "9"]
[EventCountry "SLO"]
[SourceTitle "CBM 177 Extra"]
[Source "ChessBase"]
[SourceDate "2017.04.27"]
[SourceVersion "1"]
[SourceVersionDate "2017.04.27"]
[SourceQuality "1"]

1. c4 e5 2. Nc3 Nf6 3. g3 Bc5 4. Bg2 Nc6 5. e4 d6 6. h3 h6 7. Nge2 0-0 8. 0-0 Nh5 9. Kh2 Nf6 10. d3 Nd4 11. a3 a5 12. b3 c6 13. Bb2 b5 14. Nxd4 Bxd4 15. Qd2 bxc4 16. bxc4 Be6 17. Ne2 Bxb2 18. Qxb2 Rb8 19. Qc2 Rc8 20. Rab1 d5 21. Rb2 d4 22. f4 exf4 23. Nxf4 Qd6 24. c5 Qd7 25. Nxe6 fxe6 26. Qa4 Ra8 27. Rb6 Rfc8 28. Rfb1 Nh5 29. Rb7 Rc7 30. Rb8+ Rc8 31. Rxc8+ Rxc8 32. Qxa5 e5 33. Qa6 Qe8 34. Qb7 Nf6 35. a4 Nd7 36. Qb3+ Kh8 37. Qc4 Ra8 38. Ra1 Qd8 39. Qe6 Nxc5 40. Qxe5 Nxa4 41. Ra2 Qg8 42. Ra1 Qd8 43. Rc1 Rc8 44. Rc4 Nb2 45. Rxd4 Qb6 46. Rd6 Kh7 47. Qf5+ Kh8 48. Qxc8+ Kh7 49. Rxc6 Qf2 50. Qf5+ Qxf5 51. exf5 Nxd3 52. f6 Ne5 53. Be4+ g6 54. Re6 Nf7 55. Re7 Kg8 56. Bxg6 Nd6 57. Bd3 h5 58. Rd7 Ne8 59. f7+ Kf8 60. fxe8Q+ Kxe8 1-0